00662nam a2200193Ia 4500008004100000020001500041082001500056100001600071245006600087250000700153260003900160300002900199500001900228600003300247650003400280942000700314952013200321999001500453240925s9999 xx 000 0 und d a075135712x a520.92 FOR aFord, Harry 4aThe Young Astronomer: a young enthusiast's guide to astronomy aNA aLondon:bDorling kinderslyc,1998. aviii,269p.bNafOriginal aIncludes Index aHumanities & Natural Science aAstronomy and allied sciences cBK 001040708HUMaUITUbUITUd2002-01-15eRoyal Book Company g444.79l0o520.92 FORpQ4117r2024-09-25 07:13:24w2024-09-25yBK c6616d6616